Estadísticas para Mapa de Capitales de Europa

Haz click aquí para tomar la prueba!

Estadísticas generales

  • Esta prueba ha sido tomada 1,760 veces
  • La puntuación promedio es 33 de 44

Estadísticas de respuestas

Answer % Correcto
Lisboa
97%
París
96%
Madrid
96%
Londres
96%
Atenas
93%
Dublin
93%
Andorra
la Vieja
92%
Roma/Vaticano
92%
Ámsterdam
91%
Reikiavik
90%
Mónaco
90%
Bruselas
89%
Berlín
88%
Luxemburgo
86%
Moscú
86%
San Marino
86%
Helsinki
83%
Oslo
83%
Copenhague
82%
Varsovia
81%
Estocolmo
80%
La Valeta
78%
Viena
77%
Praga
77%
Kiev
77%
Berna
75%
Minsk
70%
Zagreb
70%
Sofía
69%
Bucarest
67%
Tirana
65%
Budapest
65%
Sarajevo
62%
Riga
61%
Tallin
60%
Skopie
58%
Bratislava
58%
Vilna
58%
Liubliana
58%
Vaduz
57%
Belgrado
57%
Chișinău
57%
Podgorica
51%
Pristina
49%

Distribución de puntuación

Porcentaje por número respondido

Porcentaje de gente con cada puntuación

Historial de tus puntuaciones

No has tomado esta prueba